Les cartes de Clow/Sakura dans Sakura Chasseuse de cartes - Statistiques

Statistiques générales
  • Ce quiz a été pris 55 fois
  • Le résultat moyen est 27 sur 55
Statistiques - réponses
Cartes de Clow/Sakura % Correct
Le Feu
95%
Le Vent
92%
Le Vol
86%
La Terre
81%
Le Saut
81%
La Lumière
78%
La Pluie
73%
L'Eau
70%
Le Bouclier
70%
Le Miroir
70%
Le Temps
70%
L'Epée
68%
L'Arbre
62%
L'Ombre
62%
Les Fleurs
59%
La Voix
57%
Le Chant
57%
L'Illusion
57%
La Vitesse
54%
Les Ténèbres
54%
La Boucle
49%
Le Rêve
49%
Le Silence
49%
Le Sommeil
49%
Le Sucre
49%
La Neige
46%
Le Labyrinthe
46%
Le Passé
46%
Le Tonnerre
46%
La Puissance
43%
La Serrure
43%
Le Combat
43%
La Création
41%
Le Brouillard
41%
L'Effacement
41%
Le Sable
41%
Les Jumeaux
41%
La Petite Carte
38%
La Tempête
38%
Les Bulles
38%
La Chasse
35%
La Croissance
35%
Le Gel
35%
Les Nuages
35%
La Flèche
32%
La Lueur
32%
L'Espoir
32%
La Balance
30%
L'Ascension
30%
La Vague
30%
Le Mouvement
30%
Le Changement
27%
Le Néant
27%
Le Passe Muraille
27%
La Carte sans Nom
19%
Aucun quiz correspondant
Distribution des résultats
% des personnes avec chaque résultat
Percentile par nombre de réponses
Votre historique - résultats
Vous n’avez pas pris ce quiz